| 000 | 01064nam a22003257a 4500 | ||
|---|---|---|---|
| 003 | CHAP | ||
| 005 | 20220329134608.0 | ||
| 008 | 971013s1974 r 00010 d | ||
| 010 | _a22756 | ||
| 011 | _a23728 | ||
| 035 | _a27825 | ||
| 040 | _cCHAP | ||
| 090 | _aTesis | ||
| 100 | 0 | 0 |
_aAvila Fernández, José. _98781 |
| 245 | _aAseguradora Nacional Agrícola y Ganadera, S.A. y la Supervisión | ||
| 260 |
_aCd. Juárez, Chih. : _bEl autor, _c1974 |
||
| 300 | _a46 h | ||
| 502 | _aTesis (Agrónomo) -- Escuela Superior de Agricultura Hermanos Escobar | ||
| 590 |
_aALEPH _b10 _c20130110 _lUCH01 _h1247 |
||
| 590 |
_aBATCH-UPD _b10 _c20130110 _lUCH01 _h1643 |
||
| 590 |
_aBATCH-UPD _b10 _c20130410 _lUCH01 _h1033 |
||
| 590 |
_aBATCH-UPD _b10 _c20130914 _lUCH01 _h0457 |
||
| 590 |
_aBATCH-UPD _b10 _c20130914 _lUCH01 _h2122 |
||
| 590 |
_aCONVERSION _b10 _c20130109 _lUCH01 _h1313 |
||
| 650 | 1 | 4 |
_aSeguro agrícola _xMéxico. _9103708 |
| 650 | 1 | 4 |
_aSeguro ganadero _xMéxico. _9103727 |
| 901 | _aBK | ||
| 942 | _cTESIS | ||
| 949 |
_bBC _cTES _d-64359 _eTS1 _h19544 _i27825 _si |
||
| 999 |
_c22756 _d22756 |
||